Piłkarska kariera Nicolasa Anelki. - Statystyki

Ogólne statystyki
  • Ten quiz został rozwiązany 89 razy
  • Średni wynik to 7 z 13
Statystyki odpowiedzi
Lata Drużyna % Poprawnych
2008-2012 Chelsea
97%
1999-2000 Real Madryt
80%
1997-1999 Arsenal
78%
1996-1997 PSG
77%
2000-2002 PSG
77%
2002-2005 Manchester City
70%
2013-2013 Juventus
55%
2002-2002 Liverpool
46%
2006-2008 Bolton
30%
2005-2006 Fenerbahce
19%
2013-2014 West Brom
19%
2012-2013 Shanghai Shenhua
16%
2014-2016 Mumbai City
11%
Nie znaleziono quizów pasujących do podanych kryteriów
Rozkład punktacji
Procent ludzi z każdym wynikiem
Percentyl według liczby udzielonych odpowiedzi
Twoja historia wyników
Nie rozwiązałeś tego quizu